| 000 | 00743nam a2200217 a 4500 | ||
|---|---|---|---|
| 001 | 71212 | ||
| 003 | BD-RjUL | ||
| 005 | 20211209082105.0 | ||
| 008 | 170429s2008 ii ||||| |||| 00| 0 ben d | ||
| 035 | _a(BD-RjUL)71427 | ||
| 040 |
_aBD-RjUL _bben _cBD-RjUL |
||
| 041 | _aben | ||
| 082 |
_223 _a153.42 _bDAA 2008 |
||
| 100 |
_aদাস, নির্মলেন্দু _9169758 |
||
| 245 |
_aঅন্তহীন বেদনা / _cনির্মলেন্দু দাস |
||
| 260 |
_aকলিকাতা : _bবইওয়ালা, _c২০০৮ |
||
| 300 |
_a২১৪ পৃ. ; _c২১ সেমি. |
||
| 650 |
_a চিন্তা ও ভাবনা _9210687 |
||
| 650 |
_aThought and thinking _9133526 |
||
| 942 |
_2ddc _cBK |
||
| 999 |
_c71212 _d71212 |
||